The robot : (Record no. 1080)

MARC details
000 -LEADER
fixed length control field 01254cam a2200325 a 4500
005 - DATE AND TIME OF LATEST TRANSACTION
control field 20260322212046.0
008 - FIXED-LENGTH DATA ELEMENTS--GENERAL INFORMATION
fixed length control field data
010 ## - LIBRARY OF CONGRESS CONTROL NUMBER
LC control number 2006038191
015 ## - NATIONAL BIBLIOGRAPHY NUMBER
National bibliography number GBA691893
Source bnb
016 7# - NATIONAL BIBLIOGRAPHIC AGENCY CONTROL NUMBER
Record control number 013589677
Source Uk
020 ## - INTERNATIONAL STANDARD BOOK NUMBER
International Standard Book Number 0313331685 (alk. paper)
020 ## - INTERNATIONAL STANDARD BOOK NUMBER
International Standard Book Number 9780313331688 (alk. paper)
040 ## - CATALOGING SOURCE
Original cataloging agency DLC
Transcribing agency DLC
Modifying agency DLC
-- BAKER
-- OCLCQ
-- BTCTA
-- C#P
-- YDXCP
-- DLC
050 00 - LIBRARY OF CONGRESS CALL NUMBER
Classification number TJ211
Item number .N63 2007
082 00 - DEWEY DECIMAL CLASSIFICATION NUMBER
Classification number 629.8/92
Edition information 22
092 ## - LOCALLY ASSIGNED DEWEY CALL NUMBER (OCLC)
Classification number 629.8 N63 2007
001 - CONTROL NUMBER
control field data
100 1# - MAIN ENTRY--PERSONAL NAME
Personal name Nocks, Lisa.
245 14 - TITLE STATEMENT
Title The robot :
Remainder of title the life story of a technology /
Statement of responsibility, etc. Lisa Nocks.
260 ## - PUBLICATION, DISTRIBUTION, ETC.
Place of publication, distribution, etc. Westport, Conn. :
Name of publisher, distributor, etc. Greenwood Press,
Date of publication, distribution, etc. 2007.
300 ## - PHYSICAL DESCRIPTION
Extent xxxii, 192 p. :
Other physical details ill. ;
Dimensions 25 cm.
440 #0 - SERIES STATEMENT/ADDED ENTRY--TITLE
Title Greenwood technographies,
International Standard Serial Number 1549-7321
504 ## - BIBLIOGRAPHY, ETC. NOTE
Bibliography, etc. note Includes bibliographical references and index.
650 #0 - SUBJECT ADDED ENTRY--TOPICAL TERM
Topical term or geographic name entry element Robots.
650 #0 - SUBJECT ADDED ENTRY--TOPICAL TERM
Topical term or geographic name entry element Artificial intelligence.
856 41 - ELECTRONIC LOCATION AND ACCESS
Materials specified Table of contents only
Uniform Resource Identifier <a href="http://www.loc.gov/catdir/toc/ecip074/2006038191.html">http://www.loc.gov/catdir/toc/ecip074/2006038191.html</a>
906 ## - LOCAL DATA ELEMENT F, LDF (RLIN)
a 7
b cbc
c orignew
d 1
e ecip
f 20
g y-gencatlg
925 0# -
-- acquire
-- 2 shelf copies
-- policy default
955 ## - COPY-LEVEL INFORMATION (RLIN)
-- jf02 2006-11-14 to Dewey
-- pv06 2007-06-06 Z-CipVer
Holdings
Withdrawn status Lost status Damaged status Not for loan Home library Current library Shelving location Date acquired Total checkouts Full call number Barcode Date last seen Price effective from Koha item type
        Springfield Springfield General stacks 22/03/2026   629.8/92 22 BC0011114 22/03/2026 22/03/2026 Books